Guia : Hospital del Sagrat Cor de la Caixa d'Estalvis i Mont de Pietat de Barcelona = Hospital del Sagrado Corazón de la Caja de Ahorros y Monte de Piedad de Barcelona Hospital del Sagrat Cor de la Caixa d'Estalvis i Mont de Pietat de Barcelona = Hospital del Sagrado Corazón de la Caja de Ahorros y Monte de Piedad de Barcelona
Descripción Física:
[1] f. plegat en 5 parts : il. col. ; 52 cm
Materias:
Hospital del Sagrat Cor -- Guies
MARC
| LEADER | 00000nam a2200000Ia 4500 | ||
|---|---|---|---|
| 001 | 19153 | ||
| 008 | 160829s1976 xx 000 0 cat d | ||
| 080 | |a FU-2-78 | ||
| 245 | |a Guia : |b Hospital del Sagrat Cor de la Caixa d'Estalvis i Mont de Pietat de Barcelona = Hospital del Sagrado Corazón de la Caja de Ahorros y Monte de Piedad de Barcelona | ||
| 260 | |a Barcelona : |b la Caixa, |c 1976 | ||
| 300 | |a [1] f. plegat en 5 parts : |b il. col. ; |c 52 cm | ||
| 590 | |a Prové de S-323 | ||
| 650 | |a Hospital del Sagrat Cor |x Guies |9 47754 | ||
| 901 | |a Arxiu | ||
| 942 | |n 1 | ||
| 952 | |0 0 |1 0 |4 0 |6 FU278 |7 1 |9 54078 |a Arxiu |b Arxiu |d 2016-12-01 |l 0 |o FU-2-78 |p 19153 |r 2016-12-01 00:00:00 |w 2016-12-01 |y ARXIU | ||
| 999 | |c 57946 |d 57946 | ||